Normal view
MARC view
Entry Topical Term
001 - CONTROL NUMBER
- control field: 27363
003 - CONTROL NUMBER IDENTIFIER
- control field: ARRUPE
005 - DATE AND TIME OF LATEST TRANSACTION
- control field: 20161108113633.0
008 - FIXED-LENGTH DATA ELEMENTS
- fixed length control field: 161108|| aca||aabn | a|a d
040 ## - CATALOGING SOURCE
- Original cataloging agency: ARRUPE
- Transcribing agency: ARRUPE
150 ## - HEADING--TOPICAL TERM
- Topical term or geographic name as entry element: Lord's Supper.
670 ## - SOURCE DATA FOUND
- Source citation: Work cat.: (ARRUPE)0: Bridgett, T. E. (Thomas Edward), 1829-1899. 27362, A history of the Holy Eucharist in Great Britain,, 1908.